[Event "Lipetsk-ch"]
[Site "Lipetsk"]
[Date "2009.05.31"]
[Round "6"]
[White "Shevelev, Vitaly"]
[Black "Torshin, Anton1111"]
[Result "0-1"]
[WhiteElo "1797"]
[BlackElo "1768"]
[PlyCount "128"]
[EventDate "2009.05.22"]
[EventType "swiss"]
[EventRounds "9"]
[EventCountry "RUS"]
[SourceTitle "EXT 2022"]
[Source "ChessBase"]
[SourceDate "2021.10.06"]
[SourceVersion "1"]
[SourceVersionDate "2021.10.06"]
[SourceQuality "1"]

1. Nf3 Nf6 2. c4 g6 3. Nc3 Bg7 4. g3 0-0 5. Bg2 d6 6. d4 Nc6 7. 0-0 a6 8. d5 Na5 9. Qd3 c5 10. Nd2 b5 11. cxb5 axb5 12. Nxb5 Ba6 13. a4 Qb6 14. Ra3 Nd7 15. Nc4 Nxc4 16. Qxc4 Ne5 17. Qb3 Rfb8 18. Be3 Bxb5 19. Qxb5 Qxb5 20. axb5 Rxa3 21. bxa3 Rxb5 22. Bc1 Nc4 23. Rd1 Rb1 24. Be4 Ra1 25. Bc2 Nxa3 26. Bxa3 Rxa3 27. Kg2 c4 28. Rb1 Be5 29. Rb8+ Kg7 30. Rc8 c3 31. Kf3 Ra2 32. Bd3 Bd4 33. Rc4 Bf6 34. Ke3 Rb2 35. Rc7 Rb4 36. Bc2 Rb5 37. Be4 Rb2 38. f4 Rd2 39. Bd3 Rb2 40. g4 g5 41. Kf3 gxf4 42. Kxf4 Rb4+ 43. Kf3 Be5 44. h3 Bd4 45. Rxe7 Rb3 46. Ke4 c2 47. Rxf7+ Kxf7 48. Bxc2 Rb2 49. Bd3 Be5 50. h4 Rb4+ 51. Kf5 Rf4+ 52. Kg5 Rf6 53. h5 h6+ 54. Kh4 Rf2 55. g5 Rh2+ 56. Kg4 Rg2+ 57. Kf3 Rxg5 58. Bg6+ Kf6 59. e4 Rg3+ 60. Kf2 Kg5 61. Ke1 Kf4 62. Kf2 Re3 63. Bh7 Rxe4 64. Bxe4 Kxe4 0-1

[Event "Lipetsk Region-ch op"]
[Site "Lipetsk"]
[Date "2008.10.20"]
[Round "3"]
[White "Popova, Anna1111"]
[Black "Shevelev, Vitaly"]
[Result "0-1"]
[WhiteElo "1761"]
[BlackElo "1797"]
[PlyCount "76"]
[EventDate "2008.10.18"]
[EventType "swiss"]
[EventRounds "9"]
[EventCountry "RUS"]
[SourceTitle "EXT 2022"]
[Source "ChessBase"]
[SourceDate "2021.10.06"]
[SourceVersion "1"]
[SourceVersionDate "2021.10.06"]
[SourceQuality "1"]

1. e4 d6 2. d4 Nf6 3. Nc3 g6 4. Be3 Bg7 5. Qd2 Ng4 6. Bg5 h6 7. Bh4 g5 8. Bg3 e5 9. dxe5 Nxe5 10. 0-0-0 Nbc6 11. h4 g4 12. h5 Bf6 13. Nd5 Bg5 14. Bf4 Rg8 15. Bxg5 Rxg5 16. f4 gxf3 17. gxf3 Nd7 18. f4 Rg8 19. Bh3 Nf6 20. Bxc8 Rxc8 21. Nxf6+ Qxf6 22. e5 Qe6 23. f5 Qxa2 24. Qxh6 Qa1+ 25. Kd2 Qa5+ 26. Ke2 Nxe5 27. Qe3 Qb5+ 28. Ke1 Kd7 29. Qxa7 Qb4+ 30. Kf1 Qxb2 31. Qa4+ b5 32. Qb3 Qxb3 33. cxb3 Rg3 34. h6 Rh8 35. Rd2 Ng4 36. Ne2 Rf3+ 37. Kg2 Rxf5 38. Ng3 Ne3+ 0-1

[Event "Lipetsk Region-ch op"]
[Site "Lipetsk"]
[Date "2008.10.19"]
[Round "2"]
[White "Shevelev, Vitaly"]
[Black "Chesnokov, Vladimir"]
[Result "0-1"]
[WhiteElo "1797"]
[BlackElo "2018"]
[PlyCount "100"]
[EventDate "2008.10.18"]
[EventType "swiss"]
[EventRounds "9"]
[EventCountry "RUS"]
[SourceTitle "EXT 2022"]
[Source "ChessBase"]
[SourceDate "2021.10.06"]
[SourceVersion "1"]
[SourceVersionDate "2021.10.06"]
[SourceQuality "1"]

1. Nf3 c5 2. g3 Nc6 3. Bg2 Nf6 4. d4 cxd4 5. Nxd4 e5 6. Nxc6 dxc6 7. Qxd8+ Kxd8 8. Nc3 Bb4 9. Bd2 Bf5 10. 0-0-0 Ke7 11. a3 Ba5 12. b4 Bb6 13. e4 Be6 14. f3 Nd7 15. Na4 Bc7 16. Be3 a5 17. Nc5 Bb6 18. Rd3 axb4 19. axb4 Ra1+ 20. Kd2 Rxh1 21. Bxh1 Nxc5 22. Bxc5+ Bxc5 23. bxc5 Ra8 24. f4 Ra5 25. Rc3 Bg4 26. Bg2 Ra1 27. Bf3 Bxf3 28. Rxf3 Ra4 29. Rb3 Rxe4 30. Rxb7+ Ke6 31. f5+ Kf6 32. Rc7 h5 33. Rxc6+ Kxf5 34. Rc7 Ke6 35. Kd3 Rd4+ 36. Kc3 Rd7 37. Rc8 Kd5 38. Kb4 Rb7+ 39. Kc3 Rb5 40. Kd3 Rxc5 41. c4+ Kd6 42. Rd8+ Ke6 43. Re8+ Kf5 44. Re7 Kf6 45. Ra7 g5 46. h3 Rc6 47. h4 gxh4 48. gxh4 Ke6 49. Ra8 f6 50. Re8+ Kf5 0-1

[Event "Lipetsk op 11th"]
[Site "Lipetsk"]
[Date "2007.08.08"]
[Round "4"]
[White "Shevelev, Vitaly"]
[Black "Osipov, Alexander1111"]
[Result "1-0"]
[WhiteElo "1808"]
[BlackElo "2024"]
[PlyCount "93"]
[EventDate "2007.08.05"]
[EventType "swiss"]
[EventRounds "9"]
[EventCountry "RUS"]
[SourceTitle "EXT 2022"]
[Source "ChessBase"]
[SourceDate "2021.10.06"]
[SourceVersion "1"]
[SourceVersionDate "2021.10.06"]
[SourceQuality "1"]

1. d4 d5 2. c4 e6 3. Nc3 Bb4 4. Nf3 Nc6 5. cxd5 exd5 6. Qc2 Nge7 7. Bf4 Bf5 8. Qb3 f6 9. e3 a6 10. Be2 b5 11. a3 Ba5 12. 0-0 0-0 13. Rac1 Kh8 14. h3 Be6 15. Bd3 Bf7 16. Bg3 g5 17. Qc2 Bg6 18. Bxg6 Nxg6 19. Nxd5 Qxd5 20. Qxc6 Qxc6 21. Rxc6 Rf7 22. Rfc1 Ra7 23. Ne1 Bb6 24. Nd3 a5 25. Nc5 Nf8 26. Ne4 Kg7 27. Nc3 b4 28. Nb5 Rb7 29. axb4 axb4 30. Nxc7 Kg6 31. Ne8 Bd8 32. Nd6 Rbd7 33. Nxf7 Rxf7 34. Bd6 h5 35. Bxb4 Nh7 36. Rc8 Bb6 37. R1c6 Rb7 38. Bc3 g4 39. e4 gxh3 40. gxh3 Kg5 41. Rh8 Kh4 42. Rxb6 Rg7+ 43. Kf1 Kxh3 44. d5 Rg6 45. Rxh7 h4 46. Bxf6 Rg4 47. Rxh4+ 1-0